LEADER 01015nam a2200241 i 4500 001 000000143206 003 CaOOAMICUS 005 20101001000000.0 008 101001s1958 it u000 u ita u 013 $a118564 040 $aSeMil$bita 100 1 $aKennan, George F.$0(OLS)http://semarc/name/57449 240 10$aRussia, the atom and the West.$0(OLS)http://semarc/title/209588 245 13$aLa Russia, l'atomo e l'Occidente /$cGeorge F. Kennan. 260 $aTorino :$bGiulio Einaudi,$c1958. 300 $a109 p. ;$c22 cm. 650 4$aUnione sovietica - Storia.$0(OLS)http://semarc/subject/6759 650 4$aUnione Sovietica - Stati Uniti d'America - Relazioni diplomatiche.$0(OLS)http://semarc/subject/28166 850 $aSeMil 852 $aSeMil$W1$xVenegono$y1$m3U III 412$j96333$B96333$CSeMilBibl$Z2$F155145 $81 961 $aOmaggio: Altro 996 $6245$aLa Russia, l'atomo e l'Occidente$9(OLS)http://semarc/title/209587 996 $6260$aTorino :$bGiulio Einaudi$9(OLS)http://semarc/publisher/29810 LEADER 00797nam a2200217 i 4500 001 000000104098 003 CaOOAMICUS 005 20011214000000.0 008 011214s1933 fr u000 u fre u 013 $a76285 040 $aSeMil$bita 245 10$aGéographie phisyque et historique. 250 $a2. éd. 300 $aXXV, 515 p. :$bill. 490 0 $aÉtudes Bibliques 650 4$aPalestina.$0(OLS)http://semarc/subject/2650 773 0 $tGéographie de la Palestine.$dParis : Gabalda, 1933-1938.$kÉtudes bibliques$gTome1$w()6774 830 0$aÉtudes bibliques.$0(OLS)http://semarc/title/419576 850 $aSeMil 852 $aSeMil$W1$xVenegono$y1$m660 35 9.1 *$j60519$B60519$CSeMilBibl$Z2$F70341 $81 996 $6245$aGéographie phisyque et historique$9(OLS)http://semarc/title/150987 LEADER 01520nam a2200313 i 4500 001 000000139970 003 CaOOAMICUS 005 20050606000000.0 008 050606s2005 it u000 u ita u 013 $a114162 020 $a88-394-0707-3 040 $aSeMil$bita 100 1 $aWeder, Hans.$0(OLS)http://semarc/name/2551 240 10$aGegenwart und Gottesherrschaft : Überlegungen zum Zeitverständnis bei Jesus und im frühen Christentum.$0(OLS)http://semarc/title/204493 245 10$aTempo presente e signoria di Dio :$bla concezione del tempo in Gesù e nel cristianesimo delle origini /$cHans Weder. 260 $aBrescia :$bPaideia,$c2005. 300 $a83 p. ;$c22 cm. 490 0 $aStudi biblici ;$v147 650 4$aBibbia. Nuovo Testamento. Vangeli.$0(OLS)http://semarc/subject/273 650 4$aEscatologia.$0(OLS)http://semarc/subject/3523 650 4$aTempo - Aspetti religiosi.$0(OLS)http://semarc/subject/11918 700 1 $aBassani, Franco.$0(OLS)http://semarc/name/26283 830 0$aStudi biblici ;$v147.$0(OLS)http://semarc/title/33 850 $aSeMil 852 $aSeMil$W1$xVenegono$y1$m2WA A 147$j245164$B93357$CSeMilBibl$Z2$F98759 $81 961 $aSottoscrizione: Paideia 996 $6020$a88-394-0707-3$9(OLS)http://semarc/number/128052 996 $6245$aTempo presente e signoria di Dio :$bla concezione del tempo in Gesù e nel cristianesimo delle origini$9(OLS)http://semarc/title/204492 996 $6260$aBrescia :$bPaideia$9(OLS)http://semarc/publisher/29614